000 01066nam a2200313 a 4500
001 55498
003 BD-RjUL
005 20211209080256.0
008 161119r19561949nyuab b 001 0 eng
035 _a(BD-RjUL)55621
040 _aDLC
_cKSU
_dOCL
_dBD-RjUL
_beng
041 _aeng
082 _a596
_223
_bWAB 1956
090 _aQL605.W3x 1949
100 1 _aWalter, Herbert Eugene,
_d1867-1945.
_9165326
245 1 0 _aBiology of the vertebrates :
_ba comparative study of man and his animal allies /
_cHerbert E. Walter and Leonard P. Sayles.
250 _a3d ed.
260 _aNew York :
_bThe Macmillan Company,
_c1949 [printing 1956].
300 _axix, 875 p. :
_bill.;
_c25 cm.
504 _aIncludes index and Bibliography
650 0 _aVertebrates.
_9165327
650 0 _aVertebrates
_xAnatomy.
_9162139
650 0 _aAnatomy, Comparative.
_9128809
700 1 _aSayles, Leonard P.
_q(Leonard Perkins),
_d1902-
_9165328
942 _2ddc
_cBK
946 _at
949 0 _cHDC
_o0
_p39080025543908
_x15
_yHDC ITEM
_hQL605.W3x 1949
999 _c55498
_d55498